| 000 | 00435 a2200157 4500 | ||
|---|---|---|---|
| 005 | 20250125094025.0 | ||
| 008 | 241010b |||||||| |||| 00| 0 eng d | ||
| 020 | _a9788171304288 | ||
| 080 |
_aFM _bSUM/M |
||
| 100 | _aSumangala | ||
| 245 | _aMittayipothi(മിഠായിപ്പൊതി) | ||
| 260 |
_bD C Books _aKottayam. _c2023. |
||
| 300 | _a288p. | ||
| 653 | _aFiction-Short Stories-Children's Literature. | ||
| 942 | _cOO | ||
| 999 |
_c113677 _d113676 |
||